000 00518nam a2200169 4500
001 4537
005 20181127173625.0
020 0 0 _a9789993665168
090 0 0 _a333.95 T3675p 2013
100 0 0 _aTharchen, Lhendup,
245 0 0 _aProtected areas and biodiversity of Bhutan /
_b
_cLhendup Tharchen.
_h
260 0 0 _aKolkota :
_bLhendup Tharchen,
_c2013.
300 0 0 _a157 p. ; 20 cm.
650 _aBiodiversity conservation --Bhutan.
_v
_x
_y
_z
_2
650 _aProtected areas.
_v
_x
_y
_z
_2
650 0 0 _aBhutan
_xBiological Diversity.
999 _c3760
_d3760